Củng cố kiến thức và bài tập thực hành Hình học 11

Sách gồm 3 chương trình bày phép dời hình và phép đồng dạng trong mặt phẳng, đưởng thẳng và mặt phẳng trong không gian quan hệ song song, vectơ trong không gian quan hệ vuông góc.

محفوظ في:
التفاصيل البيبلوغرافية
التنسيق: كتاب
اللغة:Undetermined
منشور في: Hà Nội Giáo dục 2008
الموضوعات:
الوسوم: إضافة وسم
لا توجد وسوم, كن أول من يضع وسما على هذه التسجيلة!
Thư viện lưu trữ: Trung tâm Học liệu Trường Đại học Cần Thơ
LEADER 00892nam a2200205Ia 4500
001 CTU_197557
008 210402s9999 xx 000 0 und d
020 |c 17000 
082 |a 516.0076 
082 |b C513 
245 0 |a Củng cố kiến thức và bài tập thực hành Hình học 11 
245 0 |c Nguyễn Doanh Hòa,... [et al.] 
260 |a Hà Nội 
260 |b Giáo dục 
260 |c 2008 
520 |a Sách gồm 3 chương trình bày phép dời hình và phép đồng dạng trong mặt phẳng, đưởng thẳng và mặt phẳng trong không gian quan hệ song song, vectơ trong không gian quan hệ vuông góc. 
650 |a Geometry,Hình học 
650 |x Problems, exercises, etc.,Câu hỏi và bài tập 
904 |i Hải 
980 |a Trung tâm Học liệu Trường Đại học Cần Thơ